LEADER 01093nam a2200205 i 4500 001 000000232617 003 CaOOAMICUS 005 20221103110020.0 008 140902s1632 it u000 u lat u 013 $a211520 026 $am.** .)es r.a. eq** (C) 1632 (Q) 040 $aSeMil$bita 245 10$aVolumen 3. 300 $a1676 col., [1] p. 500 $aSegn.: §A-§5L4 §5M6 773 0 $aGiggeo, Antonio$tKanzu al-lugati al-?arabiyyati siue Thesaurus linguae Arabicae quem Antonius Giggeius Mediolanensis S. Theol., & Collegij Ambrosiani doctor ex monumentis Arabum manuscriptis, ... Auspicijs, & liberalitate aeternae memoriae Federici Borromaei cardinalis, et archiepisc. mediol. eiusdem Bibliothecae, & collegij Ambrosiani institutoris. Volumen 1. [-4.].$dMediolani : Ex Ambrosiani Collegij Typographia : Excudebat Ioannes Petrus Ramellatus typographus linguarum Externarum, 1632.$g3$w()30455 850 $aSeMil 852 $aSeMil$W1$xVenegono$y1$m1A VI 7 FA$j182963$B182963$CSeMilBibl$Z2$F193976 $8I 996 $6245$aVolumen 3$9(OLS)http://semarc/title/104006 LEADER 01000nam a2200205 i 4500 001 000000006816 003 CaOOAMICUS 005 20220929124308.0 008 180830s19921994gw u000 u ger u 040 $aSeMil$bita 245 10$aAnonymi Glosa Psalmorum ex traditione seniorum /$cherausgegeben von Helmut Boese. 264 1$aFreiburg :$bHerder,$c1992-1994. 300 $a2 v. ;$c24 cm. 490 1 $aVetus Latina. Aus der Geschichte der lateinischen Bibel 774 0 $t1: Praefatio und Psalmen 1-100.$kVetus Latina. Aus der Geschichte der Lateinischen Bibel$z3-451-22682-0$w()39179 774 0 $t2: Psalmen, 101-150.$kVetus Latina. Aus der Geschichte der Lateinischen Bibel$z3-451-21951-4$w()224729 830 0$aVetus Latina. Aus der Geschichte der Lateinischen Bibel.$0(OLS)http://semarc/title/70 996 $6245$aAnonymi Glosa Psalmorum ex traditione seniorum$9(OLS)http://semarc/title/9117 996 $6264$aFreiburg :$bHerder$9(OLS)http://semarc/publisher/29811